Participation : L'interessement

Đã lưu trong:
書目詳細資料
主要作者: Morlieres, P.
格式: 圖書
語言:Undetermined
出版: New York Dunod Economie 1969
主題:
標簽: 添加標簽
沒有標簽, 成為第一個標記此記錄!
Thư viện lưu trữ: Trung tâm Học liệu Trường Đại học Cần Thơ
LEADER 00516nam a2200205Ia 4500
001 CTU_79243
008 210402s9999 xx 000 0 und d
082 |a 658.3 
082 |b M864 
100 |a Morlieres, P. 
245 0 |a Participation : 
245 0 |b L'interessement 
245 0 |c P. Morlieres 
260 |a New York 
260 |b Dunod Economie 
260 |c 1969 
650 |a Management 
650 |x Employee participation 
650 |z France 
980 |a Trung tâm Học liệu Trường Đại học Cần Thơ